Sports Quiz

Random Sports or World Quiz

Everton World Cup Players Quiz Stats

 Plays Quiz not verified by Sporcle

Challenge
Share
Tweet
Embed
Score 0/23 Timer 06:00
0 Plays Today
Country Player % Correct
AustraliaTim Cahill
97%
USATim Howard
86.2%
EnglandAlan Ball
75.1%
DenmarkThomas Gravesen
74.5%
CroatiaSlaven Bilic
73.9%
PortugalNuno Valente
68.8%
EnglandGary Lineker
68.7%
EnglandPeter Reid
64.6%
EnglandTrevor Steven
62.9%
SwedenNiclas Alexandersson
62.9%
EnglandGary Stevens
59.2%
SwedenTobias Linderoth
58.4%
Country Player % Correct
Republic of IrelandKevin Sheedy
54.2%
ScotlandGraeme Sharp
51%
USAJoe-Max Moore
50.6%
EnglandRay Wilson
50.1%
Republic of IrelandLee Carsley
49.5%
EnglandBrian Labone
47.9%
NorwayThomas Myhre
41.6%
ScotlandStuart McCall
25.7%
EnglandTommy Wright
18.7%
EnglandKeith Newton
16.9%
ScotlandAlex Parker
5.1%

You're not logged in!

Compare scores with friends on all Sporcle quizzes.
OR
Log In

You Might Also Like...

Show Comments

Extras

Top Quizzes Today


Score Distribution

Your Account Isn't Verified!

In order to create a playlist on Sporcle, you need to verify the email address you used during registration. Go to your Sporcle Settings to finish the process.

Report this User

Report this user for behavior that violates our Community Guidelines.

Details: